000 00636nam a2200253Ia 4500
003 OSt
005 20220912152954.0
006 a|||||r|||| 00| 0
007 ta
008 220909b |||||||| |||| 00| 0 eng d
024 _a27366
037 _cTextual
040 _aCSL
_beng
_cCSL
041 _aeng
082 _aC55, K9;1
100 _aHayakawa Satio
245 0 _aCosmic rays physics
260 _c1969
300 _ap.
_ccm.
490 _aInterscience monographs and texts in physics and astronomy; 21
650 _aCosmic rays
942 _hC55, K9;1
_cTEXL
_2CC
999 _c95293
_d95293